General Knowledge Quiz #127 - Statistics

General Stats
  • This quiz has been taken 71,555 times
    52,012 since last reset
  • The average score is 10 of 20
Answer Stats
Question Answer % Correct
What does the French word "noir" mean in English? Black
89%
What type of monster tends to live under bridges? Troll
87%
Where is the hippocampus located? In the brain
74%
What are "Homme by David Beckham", "Someday by Justin Bieber", and "White Diamonds by Elizabeth Taylor"? Fragrances
67%
In what city would you find the headquarters to the provocative Charlie Hebdo magazine? Paris
64%
Who invented the term "Oedipus complex"? Sigmund Freud
57%
In terms of the stock market, what is the opposite of a bear? Bull
55%
What is the smallest country that is believed to possess nuclear weapons? Israel
53%
According to a dubious legend, what food product did Marco Polo bring from China to Italy? Noodles
53%
What country took the island of Sakhalin from Japan during WWII? Soviet Union
53%
What is the term for a fighter pilot who has shot down more than 5 enemy planes? Ace
50%
What do the letters "Be" represent in the portmanteau Benelux? Belgium
50%
What are morays and congers? Types of {eel}
48%
What ethnic group was the victim of genocide in Rwanda? Tutsis
44%
What did the Russian dog Laika become the first animal to do, in 1957? Orbit the Earth
39%
Who famously said "Don't have a cow, man"? Bart Simpson
36%
What type of tower is the Muslim version of a steeple? Minaret
34%
What hip hop group had a "License to Ill"? Beastie Boys
25%
What city in Oceania was devastated by an earthquake in 2011? Christchurch
23%
What musical features the song "Springtime for Hitler"? The Producers
20%
No matching quizzes found
Score Distribution
Percent of People with Each Score
Percentile by Number Answered
Your Score History
You have not taken this quiz since the last reset